ufo361 random songs - Statistiken

Allgemein
  • Dieses Quiz wurde 40 mal gespielt
  • Das Durchschnittsergebnis liegt bei 5 aus 15
Antwortstatistiken
Hint Antwort % Korrekt
VVS Paradies
68%
808 Balenciaga
58%
Ich bin 3 Berliner Der Pate
47%
Rich Rich Nur zur Info
45%
VVS 40K
42%
Lights out Wir sind kral
39%
Nur für dich Games
34%
Lights out Schwarz & Weiß
24%
808 Erober die Welt
21%
Single allein allein
16%
Single Match
16%
Single Cobain
13%
Single Tageslicht
13%
Single Nur sie darf
8%
Single Traum
8%
Keine übereinstimmenden Quizze gefunden
Verteilung der Resultate
Anzahl Personen mit jedem Resultat
Perzentil nach korrekt beantworteten Fragen
Ihre Resultats-Entwicklung
Sie haben dieses Quiz noch nicht gespielt